[Event "Kemerovo Region Cup"]
[Site "Kemerovo"]
[Date "2013.09.04"]
[Round "7"]
[White "Tydykov, Anatoliy"]
[Black "Lavrov, Sergey Viktorovich"]
[Result "0-1"]
[WhiteElo "2260"]
[BlackElo "2408"]
[PlyCount "72"]
[EventDate "2013.08.28"]
[EventType "swiss"]
[EventRounds "7"]
[EventCountry "RUS"]
[SourceTitle "EXT 2014"]
[Source "ChessBase"]
[SourceDate "2013.11.20"]
[SourceVersion "1"]
[SourceVersionDate "2013.11.20"]
[SourceQuality "1"]

1. d4 d6 2. Nf3 g6 3. g3 Bg7 4. Bg2 Nf6 5. 0-0 0-0 6. b3 a5 7. a4 Nc6 8. Bb2 Ne4 9. Na3 f5 10. e3 e6 11. Nc4 Ne7 12. Ncd2 Bd7 13. c4 h6 14. Qc2 Ng5 15. Nh4 c6 16. e4 f4 17. e5 d5 18. Ba3 Be8 19. Bd6 b6 20. Rac1 Ra7 21. Rfe1 Kh7 22. Bf1 h5 23. Bg2 Bh6 24. Rcd1 Rg8 25. Ndf3 Nf5 26. Nxf5 gxf5 27. cxd5 cxd5 28. Nxg5+ Qxg5 29. Rd3 Rag7 30. Rc3 h4 31. Ba3 hxg3 32. fxg3 fxg3 33. h3 Qh4 34. Rd1 Bg6 35. Rf3 Bh5 36. Qd3 Qe4 0-1

[Event "Kemerovo Kuzbass Cup"]
[Site "Kemerovo"]
[Date "2012.09.03"]
[Round "6"]
[White "Tydykov, Anatoliy"]
[Black "Kuzmichev, Alexander"]
[Result "0-1"]
[WhiteElo "2281"]
[BlackElo "2111"]
[PlyCount "90"]
[EventDate "2012.08.29"]
[EventType "swiss"]
[EventRounds "7"]
[EventCountry "RUS"]
[SourceTitle "CBM 150 Extra"]
[Source "ChessBase"]
[SourceDate "2012.10.19"]
[SourceVersion "1"]
[SourceVersionDate "2012.10.19"]
[SourceQuality "1"]

1. d4 g6 2. Nf3 Bg7 3. g3 d6 4. Bg2 Nd7 5. 0-0 Ngf6 6. b3 0-0 7. Bb2 c5 8. c4 Rb8 9. Nc3 a6 10. Qd3 cxd4 11. Nxd4 Nc5 12. Qd2 Ng4 13. h3 Ne5 14. Rfd1 Bd7 15. f4 Nc6 16. Nd5 Re8 17. Kh2 h5 18. e3 Bf8 19. Rac1 e5 20. Nf3 Ne4 21. Qe1 Bg7 22. Rc2 exf4 23. gxf4 Bf5 24. Bxg7 Kxg7 25. Nh4 Qc8 26. Nxf5+ Qxf5 27. Bxe4 Rxe4 28. Qc3+ Kh6 29. Rg2 Rbe8 30. Rg5 Rxe3 31. Rxf5 Rxc3 32. Nxc3 gxf5 33. Rxd6+ Re6 34. Rd7 Re3 35. Nd5 Re2+ 36. Kg3 Rxa2 37. Rxf7 Nd4 38. Rxb7 Ra3 39. Rb6+ Kg7 40. Kh4 Nxb3 41. Kg5 Nd4 42. Rb7+ Kf8 43. Kf6 Ke8 44. Ra7 Ra4 45. Rxa6 Rxa6+ 0-1

[Event "Kemerovo Kuzbass Cup"]
[Site "Kemerovo"]
[Date "2012.08.30"]
[Round "2"]
[White "Tydykov, Anatoliy"]
[Black "Ilenko, Aleksei"]
[Result "0-1"]
[WhiteElo "2281"]
[BlackElo "2014"]
[PlyCount "138"]
[EventDate "2012.08.29"]
[EventType "swiss"]
[EventRounds "7"]
[EventCountry "RUS"]
[SourceTitle "CBM 150 Extra"]
[Source "ChessBase"]
[SourceDate "2012.10.19"]
[SourceVersion "1"]
[SourceVersionDate "2012.10.19"]
[SourceQuality "1"]

1. d4 d5 2. c4 c6 3. Nf3 Nf6 4. e3 e6 5. Nc3 Nbd7 6. Bd3 dxc4 7. Bxc4 b5 8. Bd3 Bb7 9. 0-0 a6 10. e4 c5 11. e5 Nd5 12. Nxd5 Bxd5 13. Qe2 cxd4 14. Nxd4 Nc5 15. Rd1 Nxd3 16. Qxd3 Be7 17. Qg3 Qd7 18. Be3 g6 19. a3 0-0 20. Ne2 Qb7 21. Bh6 Rfd8 22. Nf4 Be4 23. Bg5 Rac8 24. h4 Bc2 25. Rxd8+ Rxd8 26. Bxe7 Qxe7 27. Nh5 Rd3 28. Nf6+ Kg7 29. Qg5 Qd8 30. Kh2 h6 31. Qf4 Qd4 32. Qxd4 Rxd4 33. Kg3 Rd2 34. Rc1 h5 35. b4 Bf5 36. Rc3 Rd4 37. Rc5 Rd3+ 38. Kf4 Kh6 39. Rc7 Rd4+ 40. Kg3 Rd3+ 41. f3 Rxa3 42. Rxf7 g5 43. hxg5+ Kxg5 44. Rg7+ Kh6 45. Ra7 Kg5 46. Rg7+ Kh6 47. Rg8 Ra4 48. Kh4 Rxb4+ 49. g4 hxg4 50. fxg4 a5 51. Kg3 Bg6 52. Nd7 a4 53. Nf8 Bf7 54. g5+ Kh5 55. Rg7 a3 56. Rxf7 a2 57. Ra7 Ra4 58. Rh7+ Kxg5 59. Rh1 a1Q 60. Rxa1 Rxa1 61. Nxe6+ Kg6 62. Kf4 Rd1 63. Ke4 b4 64. Nd4 Kf7 65. Nb3 Ke7 66. Nc5 Rc1 67. Nb3 Rc3 68. Nd2 Rh3 69. Kd4 b3 0-1

[Event "Novokuznetsk op"]
[Site "Novokuznetsk"]
[Date "2008.08.17"]
[Round "6"]
[White "Tydykov, Anatoliy"]
[Black "Sagitov, Denis"]
[Result "1-0"]
[WhiteElo "2294"]
[BlackElo "2081"]
[PlyCount "67"]
[EventDate "2008.08.12"]
[EventType "swiss"]
[EventRounds "9"]
[EventCountry "RUS"]
[SourceTitle "EXT 2022"]
[Source "ChessBase"]
[SourceDate "2021.10.06"]
[SourceVersion "1"]
[SourceVersionDate "2021.10.06"]
[SourceQuality "1"]

1. d4 Nf6 2. c4 g6 3. Nf3 Bg7 4. g3 0-0 5. Bg2 d6 6. Nc3 Nc6 7. 0-0 a6 8. e4 Rb8 9. d5 Na5 10. Qe2 c5 11. Bf4 Nh5 12. Bd2 e5 13. b3 f5 14. exf5 Bxf5 15. Ng5 Nf6 16. Nce4 b6 17. Rad1 Nb7 18. Nxf6+ Bxf6 19. Ne6 Bxe6 20. dxe6 Qe7 21. f4 Kh8 22. Bd5 Nd8 23. fxe5 dxe5 24. Qg4 Re8 25. Rxf6 Qxf6 26. Rf1 Qe7 27. Bg5 h5 28. Qh4 Qd6 29. e7 Ne6 30. Rf7 Ng7 31. Bf6 Rg8 32. Qg5 Kh7 33. Bxe5 Qd7 34. Bf4 1-0

[Event "Novokuznetsk op"]
[Site "Novokuznetsk"]
[Date "2008.08.15"]
[Round "4"]
[White "Tydykov, Anatoliy"]
[Black "Nigametzianov, Mikhail"]
[Result "1-0"]
[WhiteElo "2294"]
[BlackElo "2372"]
[PlyCount "125"]
[EventDate "2008.08.12"]
[EventType "swiss"]
[EventRounds "9"]
[EventCountry "RUS"]
[SourceTitle "EXT 2022"]
[Source "ChessBase"]
[SourceDate "2021.10.06"]
[SourceVersion "1"]
[SourceVersionDate "2021.10.06"]
[SourceQuality "1"]

1. d4 Nf6 2. Nf3 e6 3. g3 b6 4. Bg2 Bb7 5. 0-0 c5 6. c4 cxd4 7. Nxd4 Bxg2 8. Kxg2 Qc8 9. b3 Be7 10. Ba3 Bxa3 11. Nxa3 a6 12. Qd3 0-0 13. e4 Qb7 14. f3 Rd8 15. Qe3 Nc6 16. Nxc6 Qxc6 17. Nc2 d6 18. Nd4 Qb7 19. a4 Nd7 20. Rfd1 Qc7 21. Rd2 Nf6 22. Rad1 Rdc8 23. Rc2 Qc5 24. Qd2 Qe5 25. Re1 a5 26. Nb5 Rc6 27. Rc3 Ne8 28. Rd3 Qc5 29. Rd1 Rd8 30. f4 Kf8 31. Qe2 Qb4 32. Qf3 Rcc8 33. R1d2 Rb8 34. e5 d5 35. cxd5 exd5 36. Rd4 Qc5 37. Rxd5 Rxd5 38. Qxd5 Qxd5+ 39. Rxd5 Ke7 40. Kf3 Rc8 41. Ke4 Nc7 42. Nxc7 Rxc7 43. Rd6 Rc2 44. Rxb6 Rxh2 45. Rb7+ Ke8 46. Rb5 Rb2 47. g4 h6 48. f5 Kd7 49. Rb7+ Ke8 50. Kf4 Rf2+ 51. Ke3 Rg2 52. Kf3 Rg1 53. Rb5 Rh1 54. Rb8+ Ke7 55. Rg8 Rh3+ 56. Ke4 Rxb3 57. Rxg7 Rb4+ 58. Kf3 Kf8 59. Rh7 Rxa4 60. Rxh6 Ra1 61. Ra6 a4 62. Kf4 Kg7 63. Kg5 1-0

[Event "Novokuznetsk Goriainov Memorial op"]
[Site "Novokuznetsk"]
[Date "2007.08.21"]
[Round "8"]
[White "Tydykov, Anatoliy"]
[Black "Nigametzianov, Mikhail"]
[Result "0-1"]
[WhiteElo "2323"]
[BlackElo "2373"]
[PlyCount "94"]
[EventDate "2007.08.14"]
[EventType "swiss"]
[EventRounds "9"]
[EventCountry "RUS"]
[SourceTitle "EXT 2009"]
[Source "ChessBase"]
[SourceDate "2008.11.26"]
[SourceVersion "1"]
[SourceVersionDate "2008.11.26"]
[SourceQuality "1"]

1. d4 Nf6 2. Nf3 g6 3. g3 Bg7 4. Bg2 0-0 5. 0-0 d5 6. c4 dxc4 7. Na3 Nc6 8. Nxc4 Be6 9. b3 a5 10. Bb2 Bd5 11. e3 a4 12. Nfe5 Bxg2 13. Kxg2 Nxe5 14. Nxe5 a3 15. Bc3 Ne4 16. Be1 c5 17. f3 Nd6 18. Bc3 Nf5 19. Re1 cxd4 20. Bxd4 Rc8 21. Rc1 Nxd4 22. exd4 Rxc1 23. Qxc1 Qxd4 24. Nc4 Rc8 25. Qe3 Qxe3 26. Rxe3 e6 27. Re2 Bf8 28. Rc2 Rc6 29. Kf1 Bb4 30. Ke2 Rc5 31. Ne3 Re5 32. Kd3 Bc5 33. Ng2 Rd5+ 34. Ke2 Rh5 35. h4 Re5+ 36. Kd3 h5 37. Rc4 Kg7 38. Rc2 Bd6 39. Ne3 Bc5 40. Ng2 b6 41. Rc4 Rd5+ 42. Ke2 Rf5 43. Rc2 Kf6 44. Rc4 Ke7 45. Rc2 Bd6 46. Kf2 Rd5 47. f4 Rd3 0-1

[Event "Belovo"]
[Site "Belovo"]
[Date "2006.??.??"]
[Round "?"]
[White "Popov, Vjacheslav"]
[Black "Tydykov, Anatoliy"]
[Result "1-0"]
[WhiteElo "2000"]
[BlackElo "2339"]
[PlyCount "133"]
[EventDate "2006.??.??"]
[EventType "tourn"]
[EventRounds "16"]
[EventCountry "RUS"]
[SourceTitle "EXT 2008"]
[Source "ChessBase"]
[SourceDate "2007.11.25"]
[SourceVersion "1"]
[SourceVersionDate "2007.11.25"]
[SourceQuality "1"]

1. Nf3 d5 2. d4 Nf6 3. c4 e6 4. Nc3 c6 5. g3 Nbd7 6. Bg2 dxc4 7. 0-0 Be7 8. Re1 0-0 9. e4 b5 10. d5 Nc5 11. d6 Qxd6 12. Qxd6 Bxd6 13. e5 Nd3 14. Re2 b4 15. Nd1 Be7 16. exf6 Bxf6 17. Bg5 Rd8 18. Bxf6 gxf6 19. Rc2 Ba6 20. Ne3 Rab8 21. Nxc4 Bxc4 22. Rxc4 Nxb2 23. Rxc6 a5 24. Rc2 Rd1+ 25. Rxd1 Nxd1 26. Nd2 f5 27. Nb1 b3 28. axb3 Rxb3 29. Nd2 Rb4 30. Nc4 Rb1 31. Bf1 a4 32. Kg2 Rb3 33. Ra2 Rb4 34. Ra3 Rb1 35. Be2 Kg7 36. Bxd1 Rxd1 37. Rxa4 Rd4 38. Nb2 Rd2 39. Rb4 Kf6 40. Kf3 Rc2 41. Nd1 Rc6 42. Ne3 Rc3 43. Rb5 Ra3 44. Rb4 Rc3 45. Rf4 Kg6 46. Kg2 h5 47. Rf3 Rc1 48. Rf4 Rc3 49. Rh4 Rd3 50. Kh3 Rd2 51. Rf4 Ra2 52. Ng2 Rb2 53. Nh4+ Kh6 54. Kg2 Rb5 55. Nf3 Kg6 56. Ra4 Rc5 57. Ra7 Rd5 58. Ra8 Kg7 59. Ra7 Kg6 60. Ra4 Rb5 61. Ra8 Rb4 62. Rh8 Rb2 63. Ne5+ Kg7 64. Rxh5 f6 65. Nf3 Rb6 66. Rh4 Rd6 67. Rd4 1-0

[Event "Belovo"]
[Site "Belovo"]
[Date "2006.??.??"]
[Round "?"]
[White "Tydykov, Anatoliy"]
[Black "Kudryavchev, Valerij"]
[Result "1/2-1/2"]
[WhiteElo "2339"]
[BlackElo "2223"]
[PlyCount "22"]
[EventDate "2006.??.??"]
[EventType "tourn"]
[EventRounds "16"]
[EventCountry "RUS"]
[SourceTitle "EXT 2008"]
[Source "ChessBase"]
[SourceDate "2007.11.25"]
[SourceVersion "1"]
[SourceVersionDate "2007.11.25"]
[SourceQuality "1"]

1. Nf3 f5 2. d4 Nf6 3. g3 e6 4. Bg2 Be7 5. c4 0-0 6. 0-0 d5 7. Nc3 c6 8. b3 Qe8 9. Bb2 Qh5 10. e3 Nbd7 11. Ne2 Ne4 1/2-1/2

[Event "Belovo"]
[Site "Belovo"]
[Date "2006.??.??"]
[Round "?"]
[White "Tydykov, Anatoliy"]
[Black "Melentiev, Roman"]
[Result "1/2-1/2"]
[WhiteElo "2339"]
[BlackElo "2221"]
[PlyCount "41"]
[EventDate "2006.??.??"]
[EventType "tourn"]
[EventRounds "16"]
[EventCountry "RUS"]
[SourceTitle "EXT 2008"]
[Source "ChessBase"]
[SourceDate "2007.11.25"]
[SourceVersion "1"]
[SourceVersionDate "2007.11.25"]
[SourceQuality "1"]

1. d4 Nf6 2. c4 e6 3. Nf3 d5 4. g3 Be7 5. Bg2 0-0 6. 0-0 dxc4 7. a4 Nc6 8. a5 Rb8 9. Nc3 Bb4 10. Ra4 Bd7 11. Ne5 Bxc3 12. Nxd7 Qxd7 13. bxc3 b5 14. axb6 cxb6 15. Rxc4 Na5 16. Ra4 Nd5 17. Bd2 Rbc8 18. Qa1 Nb3 19. Rxa7 Qd6 20. Qb2 Nxd2 21. Qxd2 1/2-1/2

[Event "Belovo"]
[Site "Belovo"]
[Date "2006.??.??"]
[Round "?"]
[White "Tydykov, Anatoliy"]
[Black "Tcherbakov, Sergei"]
[Result "0-1"]
[WhiteElo "2339"]
[BlackElo "2279"]
[PlyCount "136"]
[EventDate "2006.??.??"]
[EventType "tourn"]
[EventRounds "16"]
[EventCountry "RUS"]
[SourceTitle "EXT 2008"]
[Source "ChessBase"]
[SourceDate "2007.11.25"]
[SourceVersion "1"]
[SourceVersionDate "2007.11.25"]
[SourceQuality "1"]

1. e4 e6 2. d4 d5 3. exd5 exd5 4. Nf3 Nf6 5. h3 Be7 6. c4 0-0 7. Nc3 c6 8. cxd5 Nxd5 9. Bc4 Nb6 10. Bb3 Na6 11. 0-0 Nc7 12. Re1 Be6 13. Bc2 Nbd5 14. Ne4 Bf5 15. a3 Ne6 16. Bb3 Re8 17. Nc3 Nec7 18. Re5 Be6 19. Bc2 Bf6 20. Bg5 h6 21. Bxf6 Nxf6 22. Qd3 Ncd5 23. Rae1 Qd6 24. Ne4 Nxe4 25. Qxe4 Nf6 26. Qf4 Nd7 27. R5e4 Qxf4 28. Rxf4 Bd5 29. Re3 Nb6 30. Nd2 Be6 31. Rfe4 Red8 32. g4 Nd5 33. Re1 Nf6 34. Rf4 Re8 35. Rf3 Rad8 36. Rd3 h5 37. g5 Nd5 38. Rf3 Nb6 39. Nb3 Nc4 40. Nc5 Bd5 41. Rxe8+ Rxe8 42. Rf4 Nd2 43. Nd3 Nf3+ 44. Kf1 Nxg5 45. Nb4 Bc4+ 46. Bd3 Bxd3+ 47. Nxd3 Ne6 48. Re4 Kf8 49. Rh4 g6 50. Nc5 Re7 51. b4 Nxc5 52. bxc5 Kg7 53. Rf4 g5 54. Rf3 Kg6 55. Rd3 Rd7 56. Ke2 f6 57. Kd2 f5 58. Kc3 f4 59. Rd1 Kf6 60. Kd3 Re7 61. a4 g4 62. hxg4 hxg4 63. Rh1 g3 64. fxg3 fxg3 65. Rg1 Rg7 66. Ke4 g2 67. Kf4 Ke6 68. Ke4 a5 0-1

[Event "RUS-chT2"]
[Site "Novokuznetsk"]
[Date "2003.??.??"]
[Round "4"]
[White "Filimonov, Alexey"]
[Black "Tydykov, Anatoliy"]
[Result "0-1"]
[WhiteElo "2257"]
[BlackElo "2425"]
[PlyCount "92"]
[EventDate "2003.??.??"]
[EventType "team"]
[EventRounds "9"]
[EventCountry "RUS"]
[SourceTitle "EXT 2005"]
[Source "ChessBase"]
[SourceDate "2004.11.15"]
[SourceVersion "1"]
[SourceVersionDate "2004.11.15"]
[SourceQuality "1"]

1. e4 Nc6 2. d4 d5 3. e5 Bf5 4. c3 Qd7 5. Ne2 f6 6. f4 h5 7. Ng3 Bg4 8. Qc2 h4 9. Be2 0-0-0 10. h3 Bxe2 11. Nxe2 Nh6 12. Nd2 Qf5 13. Qa4 Qd3 14. Rf1 e6 15. b4 a6 16. Rf3 Qb5 17. Qc2 Nf5 18. Rb1 Na7 19. a4 Qc6 20. b5 axb5 21. axb5 Qb6 22. Qa4 Kb8 23. Ra1 c6 24. bxc6 Nxc6 25. Rb1 Qc7 26. Nb3 Kc8 27. c4 Bb4+ 28. Nd2 Qa5 29. Qxa5 Bxa5 30. Ra3 dxc4 31. Kf2 Bxd2 32. Bxd2 Kb8 33. Rba1 Kc7 34. Ba5+ b6 35. Bc3 b5 36. Ba5+ Nxa5 37. Rxa5 Rb8 38. Rb1 Kc6 39. Kf3 Rhd8 40. Ke4 Rd5 41. Rb4 Kb6 42. Ra2 Rbd8 43. Rd2 Ra8 44. Kf3 Ra3+ 45. Kf2 Ka5 46. Rb1 b4 0-1

[Event "RUS-chT2"]
[Site "Novokuznetsk"]
[Date "2003.??.??"]
[Round "2"]
[White "Tydykov, Anatoliy"]
[Black "Kirillov, Andrey"]
[Result "1/2-1/2"]
[WhiteElo "2425"]
[BlackElo "2394"]
[PlyCount "89"]
[EventDate "2003.??.??"]
[EventType "team"]
[EventRounds "9"]
[EventCountry "RUS"]
[SourceTitle "EXT 2005"]
[Source "ChessBase"]
[SourceDate "2004.11.15"]
[SourceVersion "1"]
[SourceVersionDate "2004.11.15"]
[SourceQuality "1"]

1. d4 d5 2. Nf3 Nf6 3. g3 c6 4. Bg2 Bf5 5. 0-0 e6 6. c4 h6 7. Nc3 Nbd7 8. Nd2 Be7 9. e4 dxe4 10. Ndxe4 0-0 11. Qe2 Nxe4 12. Nxe4 Nf6 13. Rd1 Nxe4 14. Bxe4 Bxe4 15. Qxe4 Bf6 16. Bf4 Qb6 17. Rd2 Rad8 18. Rad1 Rd7 19. b3 Rfd8 20. Be3 Qa5 21. h4 h5 22. Kg2 g6 23. Qf3 Bg7 24. Bg5 f6 25. Be3 a6 26. Qe4 Kf7 27. Qc2 Bf8 28. Re2 Bb4 29. Rc1 Qf5 30. f3 Qxc2 31. Rcxc2 Ba5 32. a3 Bb6 33. d5 Bxe3 34. dxe6+ Kxe6 35. Rxe3+ Kf5 36. Rce2 Rd2 37. Kf2 R8d3 38. b4 Rxe3 39. Kxe3 Rxe2+ 40. Kxe2 b6 41. a4 c5 42. a5 bxa5 43. bxa5 g5 44. Ke3 Ke5 45. f4+ 1/2-1/2